000 00964 a2200445 4500
000 BKB
001 070672
005 20200902150851.0
008
010 _a
020 _a
082 _a658.054678
_bS36I
100 1 _aSeetha Ram, ch
110 _a
245 1 _aInformation technology for management
_cby Seetha Ram, ch
250 _a
260 _aNew Delhi
_bDeep and Deep Publications
_c2010
300 _a461p.
490 _a
_v
500 _a
600 _a
610 _a
611 _a
630 _a
650 _a
651 _a
654 _a
690 _aManagement information systems; Business enterprises--Computer networks; Information technology--Management
700 _a
_b
_c
710 _a
_b
_c
711 _a
720 _a
730 _a
740 _a
752 _a
856 _a
_d
_f
904 _a
964 _a
_b
_c
_d
_e
_f
_g
965 _a
999 _c4103
_d4103